=LDR 00000nam 2200000 4500 =001 INLIS000000000810009 =005 20250925011716 =035 ##$$a 0010-0925000134 =007 ta =008 250925###########################0###### =020 ##$$a 979-534-353-X =082 ##$$a 539.1 =084 ##$$a 539.1 SMI p =245 ##$$a Pustaka Sains Tersambung-Internet: Campuran dan Senyawa /$c Alastair Smith =260 ##$:$b Pakar Raya : Bandung., 2017